000 01165nam0a2200313 4500
001 RU\NLR\bibl\812767
005 20250614133440.0
010 _a5-8480-0349-1
_9500
021 _aRU
_b2005-16874
_9861
035 _a(NLR Aleph) 000801822
090 _a1186092
_c1186092
100 _a20050623d2004 |||y0rusy50 ca
101 0 _arus
102 _aRU
105 _ay |||||||||
200 1 _aПуть к материализму
_fМ. У. Тайсумов
_gотв. ред. к.филос.н., проф. А. А. Манкиев
210 _aРостов-на-Дону
_cИзд-во Ростовского государственного педагогического университета
_d2004
215 _a31, [1] с.
_d20
320 _aБиблиогр.: с. 31 (11 назв.)
606 1 _aМатериализм немецкий
_z19 в.
_91561089
_3RU\NLR\auth\66682792
686 1 _aЮ3(4Г)5-581
700 1 _aТайсумов
_bМ. У.
_gМагомет Умаевич
_4070
801 0 _aRU
_bNLR
_c20050623
_gPSBO
801 1 _aRU
_bNLR
_c20050623
830 _aавт. по кн.
942 _cBOOK
980 _aNB